| 000 | 01038nam a2200277 i 4500 | ||
|---|---|---|---|
| 003 | DO-SdBNP | ||
| 005 | 20260508095749.0 | ||
| 007 | ta | ||
| 008 | 260508b2025 c|||| |||| 00| 0 spa d | ||
| 020 | _a9789945295450 | ||
| 040 |
_aDO-SdBNP _bspa _cBNPHU _erda |
||
| 041 | _aspa | ||
| 082 | 4 |
_axxx _bM672d _222 |
|
| 100 |
_aMiranda Villalona, Germán Daniel, _eautor _4aut. _986170 |
||
| 245 | 1 | 0 |
_aDrogas: ¿prisión o curación? : _bley no. 50-88 sobre drogas y sustancias controladas en República Dominicana / _cGermán Daniel Miranda Villalona ; prólogo, Alejandro Uribe Peguero |
| 264 | 4 |
_aSanto Domingo : _bLibrería Jurídica Global, _c©2025. |
|
| 300 |
_a197 páginas : _bretratos ; _c23 cm. |
||
| 336 |
_atexto _btxt _2rdacontent |
||
| 337 |
_asin mediación _bn _2rdamedia |
||
| 338 |
_avolumen _bnc _2rdacarrier |
||
| 500 | _aIncluye datos biográficos del autor en las solapas | ||
| 590 | _aInventariado, 2026/BT | ||
| 700 | 1 |
_aUribe Peguero, Alejandro, _eprologuista _4pr. _911152 |
|
| 910 | _aBtavárez | ||
| 942 |
_2ddc _cLBS1 |
||
| 999 |
_c60689 _d60689 |
||